000 00452nam a22001817a 4500
003 CEME
005 20210628205749.0
008 210316b xxu||||| |||| 00| 0 eng d
020 _a969-0-01225-8
040 _c.
082 _a923.25491 WAK
100 _aWakeel Anjum
_976949
245 _aSeyasat dano ki qalabazian
260 _aLAHORE
_bFEROZE SONS
_c1994
300 _a995P
650 _aPAKISTAN-HISTORY-POLITICIANS
_976950
942 _cBK
_2ddc
999 _c582259
_d582259